<?xml version="1.0" encoding="UTF-8"?>
<record
    xmlns:xsi="http://www.w3.org/2001/XMLSchema-instance"
    xsi:schemaLocation="http://www.loc.gov/MARC21/slim http://www.loc.gov/standards/marcxml/schema/MARC21slim.xsd"
    xmlns="http://www.loc.gov/MARC21/slim">

  <leader>00321nam a2200109Ia 4500</leader>
  <controlfield tag="001">589018</controlfield>
  <controlfield tag="005">20250717120841.0</controlfield>
  <controlfield tag="008">250717s9999    xx            000 0 und d</controlfield>
  <datafield tag="245" ind1=" " ind2="0">
    <subfield code="a">U-11 PEYGAMBER&#x130;M&#x130;Z HAZRET&#x130; MUHAMMED&#x130;N HAYATI</subfield>
    <subfield code="c">AM&#x130;NE KEVSER KARACA</subfield>
  </datafield>
  <datafield tag="260" ind1=" " ind2=" ">
    <subfield code="b">T&#xDC;RK&#x130;YE D&#x130;YANET VAKFI YAYINLARI</subfield>
    <subfield code="c">2020</subfield>
  </datafield>
  <datafield tag="300" ind1=" " ind2=" ">
    <subfield code="b">32</subfield>
  </datafield>
  <datafield tag="999" ind1=" " ind2=" ">
    <subfield code="c">589018</subfield>
    <subfield code="d">589018</subfield>
  </datafield>
</record>
